[Event "Seniorsko prvenstvo Centralne "]
[Site "Vrnjacka Banja"]
[Date "2008.11.11"]
[Round "5.1"]
[White "Nikolic, Stanimir"]
[Black "Rajkovic, Dusan"]
[Result "1/2-1/2"]
[WhiteElo "2291"]
[BlackElo "2474"]
[PlyCount "112"]
[EventDate "2008.11.08"]

1. d4 Nf6 2. Nf3 e6 3. g3 b5 4. Bg2 Bb7 5. O-O c5 6. c3 Na6 7. Re1 Be7 8. Nbd2
cxd4 9. cxd4 d5 10. Nb3 O-O 11. Bd2 Rc8 12. a3 Ne4 13. Ba5 Qe8 14. Ne5 Nd6 15.
Nd3 Nc4 16. Bb4 Qd8 17. e3 Nb8 18. Bxe7 Qxe7 19. Nbc5 a5 20. b3 Nd6 21. Qd2 Nc6
22. Rec1 Ba8 23. f4 Qa7 24. Qd1 Rb8 25. Ne5 Nxe5 26. fxe5 Nf5 27. Qd2 Rb6 28.
Bh3 Ne7 29. Rf1 Ng6 30. Rf2 Rc6 31. Raf1 Rxc5 32. dxc5 Qxc5 33. b4 axb4 34.
axb4 Qc7 35. Qd4 Bb7 36. Qa7 Ra8 37. Qc5 Qxc5 38. bxc5 Nxe5 39. Rb1 Bc6 40. Bf1
d4 41. exd4 Nf3+ 42. Rxf3 Bxf3 43. Rxb5 Kf8 44. Bg2 Ra1+ 45. Kf2 Bxg2 46. Kxg2
Ra4 47. Rb8+ Ke7 48. Rb7+ Ke8 49. c6 Rc4 50. c7 g5 51. Kf3 f5 52. c8=Q+ Rxc8
53. Rxh7 Rc4 54. Ke3 Rc3+ 55. Ke2 g4 56. Kd2 Rf3 1/2-1/2

[Event "Seniorsko prvenstvo Centralne "]
[Site "Vrnjacka Banja"]
[Date "2008.11.11"]
[Round "5.2"]
[White "Ostojic, Nikola"]
[Black "Lajthajm, Borko"]
[Result "1/2-1/2"]
[WhiteElo "2398"]
[BlackElo "2498"]
[PlyCount "24"]
[EventDate "2008.11.08"]

1. d4 d5 2. c4 c6 3. Nf3 Nf6 4. Nc3 dxc4 5. g3 Nbd7 6. Bg2 g6 7. O-O Bg7 8. e4
Nb6 9. h3 O-O 10. a4 a5 11. Be3 Ne8 12. Qe2 Nd6 1/2-1/2

[Event "Seniorsko prvenstvo Centralne "]
[Site "Vrnjacka Banja"]
[Date "2008.11.11"]
[Round "5.3"]
[White "Antic, Dejan"]
[Black "Somborski, Nebojsa"]
[Result "1-0"]
[WhiteElo "2489"]
[BlackElo "2379"]
[PlyCount "105"]
[EventDate "2008.11.08"]

1. d4 d5 2. c4 e6 3. Nf3 Nf6 4. g3 Be7 5. Bg2 O-O 6. O-O dxc4 7. Qc2 a6 8. a4
Bd7 9. Rd1 Nc6 10. Qxc4 b5 11. axb5 axb5 12. Rxa8 Qxa8 13. Qxb5 Qa1 14. Nc3
Nxd4 15. Qb7 Nxf3+ 16. Bxf3 Qa5 17. Bf4 e5 18. Nd5 Nxd5 19. Qxd5 Qxd5 20. Rxd5
Be6 21. Rxe5 Bd6 22. Ra5 Bxf4 23. gxf4 Bh3 24. Ra7 Rb8 25. Ra8 Rxa8 26. Bxa8
Kf8 27. Bd5 f6 28. e4 Ke7 29. f3 Kd6 30. Bg8 h6 31. f5 Ke5 32. Kf2 Kf4 33. Bc4
h5 34. b4 h4 35. Be2 Ke5 36. Ke3 Bg2 37. Bd3 Bh3 38. f4+ Kd6 39. Kf3 Ke7 40.
Be2 Kd6 41. Kf2 Ke7 42. Ke3 Kd6 43. Bd3 Bg2 44. Kd4 Bf3 45. e5+ Ke7 46. Be4 Bd1
47. Kc5 Ba4 48. b5 Kd7 49. e6+ Ke7 50. Kc6 Kd8 51. Bd3 Bd1 52. e7+ Kxe7 53.
Kxc7 1-0

[Event "Seniorsko prvenstvo Centralne "]
[Site "Vrnjacka Banja"]
[Date "2008.11.11"]
[Round "5.4"]
[White "Maksimovic, Branimir"]
[Black "Lazic, Dragoljub"]
[Result "1-0"]
[WhiteElo "2418"]
[BlackElo "2320"]
[PlyCount "87"]
[EventDate "2008.11.08"]

1. d4 Nf6 2. Nc3 d5 3. Bg5 Nbd7 4. f3 c6 5. e4 dxe4 6. fxe4 Qb6 7. e5 Nd5 8.
Nxd5 cxd5 9. Nf3 Qxb2 10. Bd3 h6 11. Bd2 Qb6 12. Rb1 Qc6 13. O-O a6 14. Qe2 e6
15. c4 Nb6 16. c5 Nc4 17. Bxc4 dxc4 18. Rb6 Qd5 19. Bc3 Bd7 20. Nd2 Bc6 21.
Nxc4 Be7 22. Na5 O-O 23. Nxc6 bxc6 24. Qf3 Qd7 25. Rxc6 Ra7 26. Rb6 Qa4 27. Rb4
Qxa2 28. Ra1 Qc2 29. Rb2 Qg6 30. c6 f6 31. Qe2 fxe5 32. Qxe5 Qf7 33. Qe2 Bd6
34. g3 Rc7 35. Rxa6 e5 36. Rb7 exd4 37. Bxd4 Re8 38. Rxc7 Bxc7 39. Qa2 Qxa2 40.
Rxa2 Re1+ 41. Kg2 Rc1 42. Ra8+ Kh7 43. Rc8 Rxc6 44. Be5 1-0

[Event "Seniorsko prvenstvo Centralne "]
[Site "Vrnjacka Banja"]
[Date "2008.11.11"]
[Round "5.5"]
[White "Damjanovic, Dragan"]
[Black "Kojovic, Dragan"]
[Result "1-0"]
[WhiteElo "2229"]
[BlackElo "2412"]
[PlyCount "129"]
[EventDate "2008.11.08"]

1. d4 Nf6 2. c4 c5 3. d5 b5 4. cxb5 a6 5. bxa6 Bxa6 6. Nc3 g6 7. e4 Bxf1 8.
Kxf1 d6 9. Nf3 Bg7 10. h3 O-O 11. Kg1 Qb6 12. Kh2 Nfd7 13. Re1 Na6 14. Re2 Nb4
15. a3 Qa6 16. Ne1 Qa7 17. Be3 Na6 18. Nf3 Qb7 19. Rc1 Rfb8 20. Rcc2 Nc7 21.
Kg1 Qa6 22. Red2 Rxb2 23. Rxb2 Bxc3 24. Rb3 Bxd2 25. Nxd2 Rb8 26. Rxb8+ Nxb8
27. Qb3 Qb5 28. Qc3 Nba6 29. g4 f6 30. Kg2 Qa4 31. Nc4 Nb5 32. Qd3 Nac7 33. g5
Kf7 34. gxf6 exf6 35. Bc1 Ke7 36. Bb2 Ne8 37. f4 Nbc7 38. e5 fxe5 39. fxe5 Qa8
40. exd6+ Nxd6 41. Qe3+ Kf8 42. Qxc5 Nxd5 43. Qxd6+ Ke8 44. Kh2 Ne7 45. Qe5 Qa6
46. Qc7 Nf5 47. Bc3 h5 48. Ba5 Qa8 49. Ne5 Qd5 50. Qc8+ Ke7 51. Nxg6+ Kf6 52.
Qa6+ Kf7 53. Nh8+ Kg8 54. Qg6+ Ng7 55. Bc3 Qa2+ 56. Qg2 Qxg2+ 57. Kxg2 Ne6 58.
Ng6 Kh7 59. Ne5 Nf4+ 60. Kh2 Nd5 61. Bd4 Kh6 62. a4 Kg5 63. a5 Kf4 64. Nd7 Ke4
65. Bc5 1-0

[Event "Seniorsko prvenstvo Centralne "]
[Site "Vrnjacka Banja"]
[Date "2008.11.11"]
[Round "5.6"]
[White "Novoselski, Zoran"]
[Black "Djosic, Slavoljub"]
[Result "1-0"]
[WhiteElo "2388"]
[BlackElo "2256"]
[PlyCount "149"]
[EventDate "2008.11.08"]

1. Nf3 Nf6 2. c4 e6 3. g3 d5 4. Bg2 Be7 5. O-O O-O 6. b3 c6 7. Bb2 Nbd7 8. d4
b6 9. Qc2 Bb7 10. Nbd2 c5 11. dxc5 bxc5 12. Ne5 Nxe5 13. Bxe5 Qb6 14. cxd5 exd5
15. Rac1 Rac8 16. e4 Nxe4 17. Nxe4 dxe4 18. Bxe4 Bxe4 19. Qxe4 Bf6 20. Bxf6
Qxf6 21. Rc4 Qa6 22. Ra4 Qb6 23. Rc1 g6 24. Qf4 Rfe8 25. Qh6 Rc7 26. Rh4 f6 27.
Qd2 Qe6 28. Qa5 Qb6 29. Qc3 Rce7 30. Qxc5 Re1+ 31. Kg2 Rxc1 32. Qxc1 Qb7+ 33.
Kg1 Kg7 34. Rc4 Re7 35. Qc3 Rd7 36. f3 Qd5 37. Re4 h5 38. Kf2 Qd1 39. Qe1 Rd2+
40. Re2 Rxe2+ 41. Qxe2 Qd4+ 42. Kg2 Qd7 43. Qe3 g5 44. a4 a5 45. h4 g4 46. fxg4
hxg4 47. Qc3 Qd5+ 48. Kf2 Qf5+ 49. Ke3 Qf3+ 50. Kd4 Qf5 51. Qc7+ Kg6 52. Qe7
Qf2+ 53. Qe3 Qb2+ 54. Kd5 Kf7 55. h5 Qg2+ 56. Kd6 Qf3 57. Qe7+ Kg8 58. Ke6 Qxg3
59. Qe8+ Kh7 60. Qf7+ Kh8 61. Qxf6+ Kg8 62. Qg5+ Kh7 63. Kf5 Qxb3 64. Qg6+ Kh8
65. Qxg4 Qd3+ 66. Ke5 Qe3+ 67. Kd5 Qb3+ 68. Kc5 Kh7 69. Qe4+ Kh8 70. Qe8+ Kg7
71. Qb5 Qe3+ 72. Kc6 Qe8+ 73. Kb6 Qd8+ 74. Kb7 Kh8 75. Qe5+ 1-0

[Event "Seniorsko prvenstvo Centralne "]
[Site "Vrnjacka Banja"]
[Date "2008.11.11"]
[Round "5.7"]
[White "Misailovic, Nebojsa"]
[Black "Abramovic, Bosko"]
[Result "1/2-1/2"]
[WhiteElo "2267"]
[BlackElo "2484"]
[PlyCount "177"]
[EventDate "2008.11.08"]

1. e4 e5 2. Nf3 Nc6 3. Bb5 a6 4. Ba4 Nf6 5. O-O Be7 6. Re1 b5 7. Bb3 d6 8. c3
O-O 9. h3 Nb8 10. d4 Nbd7 11. Nbd2 Bb7 12. Bc2 Re8 13. Nf1 Bf8 14. Ng3 c6 15.
Bd2 Qc7 16. dxe5 dxe5 17. Nf5 c5 18. c4 Nb8 19. Qe2 b4 20. Bg5 Nfd7 21. Ne3 f6
22. Bh4 Nc6 23. Nd5 Qd8 24. Ba4 Re6 25. Bxc6 Rxc6 26. Rad1 Qe8 27. Nh2 Be7 28.
Rd3 Nf8 29. Red1 Bd8 30. Ng4 Ng6 31. Bg3 Re6 32. Qd2 Rc8 33. Nge3 Be7 34. Qe2
Bf8 35. Qg4 Kh8 36. Nf5 Bc6 37. h4 Nf4 38. R3d2 g6 39. Bxf4 exf4 40. Nfe7 Rxe7
41. Nxf6 Qf7 42. Qxc8 Bb7 43. Qb8 Qxf6 44. Rd8 Kg7 45. R1d6 Qf7 46. f3 a5 47.
Rb6 a4 48. b3 axb3 49. axb3 Bxe4 50. fxe4 f3 51. Qg3 fxg2 52. Qf2 Qxf2+ 53.
Kxf2 Rxe4 54. Kxg2 Rxh4 55. Rd7+ Kg8 56. Rb8 Rf4 57. Kg3 Rf1 58. Rc7 Rf5 59.
Rd8 h5 60. Kg2 h4 61. Rd5 Rf7 62. Rxf7 Kxf7 63. Kh3 Be7 64. Kg4 Ke6 65. Kf4 Kf6
66. Rd1 Ke6 67. Re1+ Kf6 68. Kg4 Kf7 69. Ra1 Ke6 70. Ra7 Kf7 71. Rc7 Ke6 72.
Rc8 Kf7 73. Kf4 Ke6 74. Rh8 Bf6 75. Rh7 Be7 76. Ke4 Bf6 77. Rc7 Be7 78. Rc8 g5
79. Rh8 g4 80. Kf4 g3 81. Kf3 Kf5 82. Rh7 Bf6 83. Rf7 Ke6 84. Rc7 Be7 85. Kg2
Bd6 86. Rh7 Be7 87. Rh5 Kd6 88. Rd5+ Ke6 89. Kh3 1/2-1/2

[Event "Seniorsko prvenstvo Centralne "]
[Site "Vrnjacka Banja"]
[Date "2008.11.11"]
[Round "5.8"]
[White "Nadj Hedjesi, Balind"]
[Black "Arsovic, Zoran"]
[Result "1-0"]
[WhiteElo "2296"]
[BlackElo "2480"]
[PlyCount "47"]
[EventDate "2008.11.08"]

1. e4 c5 2. Nf3 d6 3. Bb5+ Bd7 4. Bxd7+ Qxd7 5. O-O e6 6. c4 Nf6 7. Nc3 Nc6 8.
d4 cxd4 9. Nxd4 Be7 10. b3 O-O 11. Bb2 a6 12. Nc2 Rfd8 13. Qe2 b6 14. Rad1 Qb7
15. Rd3 b5 16. Rh3 bxc4 17. Qxc4 d5 18. exd5 Nxd5 19. Nxd5 Rxd5 20. Qe4 h6 21.
Ne3 Rb5 22. Ng4 Nb4 23. Nxh6+ gxh6 24. Rxh6 1-0

[Event "Seniorsko prvenstvo Centralne "]
[Site "Vrnjacka Banja"]
[Date "2008.11.11"]
[Round "5.9"]
[White "Tosic, Miroslav"]
[Black "Pantic, Ivica"]
[Result "1-0"]
[WhiteElo "2445"]
[BlackElo "2208"]
[PlyCount "75"]
[EventDate "2008.11.08"]

1. d4 Nf6 2. c4 e6 3. g3 c5 4. Nf3 cxd4 5. Nxd4 Nc6 6. Bg2 Qb6 7. Nc2 Be7 8.
O-O d6 9. Nc3 a6 10. b3 Qc7 11. Bb2 O-O 12. Rc1 Nb8 13. Nd4 Nbd7 14. e3 Rb8 15.
f4 g6 16. g4 Re8 17. g5 Nh5 18. Qd2 Ng7 19. e4 f6 20. f5 e5 21. Nd5 Qc5 22. b4
Qa7 23. Kh1 Bd8 24. gxf6 Nxf6 25. Nxf6+ Bxf6 26. fxg6 Rf8 27. Qh6 hxg6 28. Qxg6
exd4 29. Rxf6 Bd7 30. Rxd6 Be8 31. Qg5 b6 32. Bxd4 Qf7 33. Bf6 Qg6 34. Qe5 Qh6
35. Rg1 Bg6 36. Bxg7 Qxg7 37. Rxg6 Qxg6 38. Bh3 1-0

[Event "Seniorsko prvenstvo Centralne "]
[Site "Vrnjacka Banja"]
[Date "2008.11.11"]
[Round "5.10"]
[White "Pantelic, Sasa"]
[Black "Arsovic, Goran"]
[Result "1/2-1/2"]
[WhiteElo "2293"]
[BlackElo "2432"]
[PlyCount "76"]
[EventDate "2008.11.08"]

1. d4 Nf6 2. c4 g6 3. g3 Bg7 4. Bg2 O-O 5. Nc3 d6 6. Nf3 Nc6 7. O-O Bg4 8. h3
Bxf3 9. Bxf3 Nd7 10. e3 e5 11. d5 Ne7 12. e4 f5 13. Bg2 a5 14. a3 Kh8 15. Be3
f4 16. Bd2 Nf6 17. g4 Nd7 18. Bf3 Nc5 19. b4 axb4 20. axb4 Rxa1 21. Qxa1 Nb3
22. Qd1 Nd4 23. Nb5 c6 24. Nxd4 exd4 25. Qa4 g5 26. Rc1 Ng6 27. c5 Ne5 28. Qb3
Qe7 29. Kg2 Ra8 30. Be2 Qf6 31. f3 Qe7 32. Rc2 cxd5 33. Qxd5 dxc5 34. Rxc5 Rd8
35. Qa2 h6 36. Qa5 d3 37. Bd1 Nc6 38. Qa3 Bd4 1/2-1/2

[Event "Seniorsko prvenstvo Centralne "]
[Site "Vrnjacka Banja"]
[Date "2008.11.11"]
[Round "5.11"]
[White "Sredojevic, Ivan"]
[Black "Milosevic, Zoran"]
[Result "1-0"]
[WhiteElo "2396"]
[BlackElo "2279"]
[PlyCount "71"]
[EventDate "2008.11.08"]

1. e4 c5 2. Nf3 e6 3. d4 cxd4 4. Nxd4 Nf6 5. Nc3 d6 6. Bg5 Be7 7. Qd2 a6 8. f3
Qc7 9. O-O-O Nc6 10. Bxf6 Bxf6 11. Nxc6 Qxc6 12. Qxd6 Qxd6 13. Rxd6 Bxc3 14.
bxc3 Bd7 15. Rb6 O-O-O 16. Rb4 Bc6 17. Bd3 Kc7 18. Kd2 e5 19. Ke3 f6 20. Rhb1
Rb8 21. c4 a5 22. Rb6 Ra8 23. c5 Ra7 24. Bb5 Bxb5 25. R1xb5 Rd8 26. Re6 Rd7 27.
Rbb6 a4 28. c6 Kxb6 29. cxd7+ Kc7 30. Re7 Kd8 31. Rxg7 a3 32. Rxh7 Ra6 33. h4
Rb6 34. h5 Rb2 35. h6 Rxa2 36. Rg7 1-0

[Event "Seniorsko prvenstvo Centralne "]
[Site "Vrnjacka Banja"]
[Date "2008.11.11"]
[Round "5.12"]
[White "Popovic, Predrag R"]
[Black "Irizanin, Radoje"]
[Result "1-0"]
[WhiteElo "2275"]
[BlackElo "2339"]
[PlyCount "113"]
[EventDate "2008.11.08"]

1. d4 d5 2. c4 e6 3. Nc3 c6 4. cxd5 exd5 5. Nf3 Bd6 6. Bg5 Ne7 7. e3 Qb6 8. Qc1
O-O 9. Bd3 h6 10. Bxe7 Bxe7 11. O-O Nd7 12. Rb1 a5 13. Qc2 Qa7 14. a3 Nf6 15.
b4 Be6 16. Ne5 Nd7 17. Nxd7 Bxd7 18. Qb3 b5 19. Rfc1 Qb6 20. Qc2 axb4 21. axb4
Ra3 22. Rb2 Rfa8 23. Rcb1 Bd6 24. Ne2 Qd8 25. Bh7+ Kh8 26. Bf5 Be8 27. g3 Qe7
28. Nc1 g6 29. Bh3 h5 30. Nd3 h4 31. Nc5 Kg7 32. Qe2 Bxc5 33. bxc5 Bd7 34. Bxd7
Qxd7 35. Qf3 hxg3 36. hxg3 Rh8 37. Qf4 Rh5 38. g4 Rh4 39. f3 Qe6 40. Re1 Ra8
41. Rh2 Rxh2 42. Kxh2 Qe7 43. g5 Rh8+ 44. Kg3 Qe6 45. Qg4 Qxg4+ 46. Kxg4 Ra8
47. Kf4 f6 48. e4 Rd8 49. gxf6+ Kxf6 50. e5+ Ke6 51. Ra1 Rb8 52. Ra6 Kd7 53.
e6+ Ke7 54. Ke5 b4 55. Ra7+ Ke8 56. Rh7 Rb5 57. Kd6 1-0

[Event "Seniorsko prvenstvo Centralne "]
[Site "Vrnjacka Banja"]
[Date "2008.11.11"]
[Round "5.13"]
[White "Zivkovic, Ivan B"]
[Black "Simic, Milan A"]
[Result "1-0"]
[WhiteElo "2322"]
[BlackElo "2136"]
[PlyCount "87"]
[EventDate "2008.11.08"]

1. e4 c5 2. Nf3 e6 3. d4 cxd4 4. Nxd4 a6 5. Bd3 Nc6 6. Nxc6 bxc6 7. O-O Qc7 8.
Qe2 d6 9. Nd2 e5 10. Nc4 Nf6 11. f4 Be7 12. Bd2 O-O 13. Kh1 Nd7 14. fxe5 Nxe5
15. Nxe5 dxe5 16. Bc4 Rb8 17. b3 a5 18. Qh5 Bb4 19. c3 Ba3 20. Rxf7 Rxf7 21.
Rf1 Rb7 22. Rxf7 Qxf7 23. Bxf7+ Rxf7 24. h3 Bd6 25. Qe2 Kf8 26. Qc4 Bd7 27. Be3
Ke8 28. Bb6 g5 29. Qa6 Rf4 30. Qa8+ Kf7 31. Qd8 Ke6 32. Qg8+ Rf7 33. Bxa5 c5
34. Qa8 Rf8 35. Qd5+ Ke7 36. Bb6 Rc8 37. Qd2 h6 38. Qe3 Rc6 39. Ba5 Ra6 40. b4
cxb4 41. cxb4 Bc6 42. Qe2 Ra8 43. Qc4 Bb7 44. Bc7 1-0

[Event "Seniorsko prvenstvo Centralne "]
[Site "Vrnjacka Banja"]
[Date "2008.11.11"]
[Round "5.14"]
[White "Mitrovic, Darko R"]
[Black "Gavrilovic, Leonardo"]
[Result "0-1"]
[WhiteElo "2362"]
[BlackElo "2188"]
[PlyCount "85"]
[EventDate "2008.11.08"]

1. e4 Nf6 2. e5 Nd5 3. d4 d6 4. exd6 cxd6 5. c4 Nf6 6. Nc3 e6 7. Nf3 Be7 8. h3
b6 9. Be2 Bb7 10. Be3 Nbd7 11. O-O O-O 12. b4 Ne4 13. Nxe4 Bxe4 14. Qb3 f5 15.
d5 Bxf3 16. Bxf3 e5 17. c5 e4 18. Be2 bxc5 19. bxc5 Rb8 20. Qc4 Nxc5 21. Bxc5
Rc8 22. Qa6 Rxc5 23. Qxa7 Ra5 24. Ba6 Bf6 25. Rab1 Rxa2 26. Qb6 Qe7 27. Qc6 Be5
28. Bc8 Kh8 29. Be6 e3 30. f4 Bd4 31. Rfe1 Bc5 32. g3 Qf6 33. Qb5 Qg6 34. g4
fxg4 35. f5 Qg5 36. Re2 gxh3+ 37. Kh1 Rd2 38. Qb8 Qg2+ 39. Rxg2 hxg2+ 40. Kh2
g1=Q+ 41. Kxg1 e2+ 42. Kh1 e1=Q+ 43. Rxe1 0-1

[Event "Seniorsko prvenstvo Centralne "]
[Site "Vrnjacka Banja"]
[Date "2008.11.11"]
[Round "5.15"]
[White "Milosevic, Slavisa"]
[Black "Tasic, Zoran"]
[Result "0-1"]
[WhiteElo "2282"]
[BlackElo "2159"]
[PlyCount "168"]
[EventDate "2008.11.08"]

1. e4 e6 2. Nf3 d5 3. Nc3 Bb4 4. a3 Ba5 5. b4 Bb6 6. d4 a5 7. b5 a4 8. e5 Ba5
9. Bd2 Nd7 10. Bd3 Nb6 11. Qe2 Ne7 12. O-O h6 13. g4 Ng6 14. Ne1 Nf4 15. Qf3 g5
16. Ng2 Nxd3 17. Qxd3 Nc4 18. Ne3 Nxd2 19. Qxd2 Bd7 20. Rfb1 f6 21. Qd3 fxe5
22. dxe5 Bxc3 23. Qxc3 O-O 24. Rb4 c6 25. bxc6 Bxc6 26. Nf1 Rf4 27. Rd4 Qf8 28.
Qd2 Qf7 29. Ng3 Rf8 30. Nh5 Rxf2 31. Nf6+ Rxf6 32. exf6 Qxf6 33. c3 Qf3 34. Re1
e5 35. Rd3 Qxg4+ 36. Rg3 Qf5 37. h3 Kh7 38. Qd3 e4 39. Qe3 Qf4 40. Rg4 Qf3 41.
Rg3 Qxe3+ 42. Rgxe3 Rf4 43. Kg2 Kg6 44. Rd1 Kf5 45. Rd4 Ke5 46. Rg3 Bd7 47. Rb4
b5 48. Rb2 Bc6 49. Rb4 Kd6 50. Rd4 Kc5 51. Re3 Be8 52. Rd1 Bh5 53. Rd4 Bf3+ 54.
Kg3 h5 55. Rb4 h4+ 56. Kh2 Bd1 57. Kg2 Bc2 58. Re2 Bd3 59. Rf2 Bc4 60. Rb1 Kd6
61. Rd1 Ke5 62. Rd4 Kf5 63. Rd1 Bd3 64. Rfd2 Rf3 65. Rf2 Rxf2+ 66. Kxf2 Kf4 67.
Re1 Bc4 68. Re3 g4 69. hxg4 Kxg4 70. Re1 h3 71. Rg1+ Kf4 72. Rg3 h2 73. Rh3 e3+
74. Ke1 Ke4 75. Rxh2 Kd3 76. Rh3 Bb3 77. Rg3 Kxc3 78. Rxe3+ Kb2 79. Kd2 Kxa3
80. Kc1 Kb4 81. Kb2 a3+ 82. Kc1 d4 83. Re7 Kc3 84. Kb1 Bc4 0-1

[Event "Seniorsko prvenstvo Centralne "]
[Site "Vrnjacka Banja"]
[Date "2008.11.11"]
[Round "5.16"]
[White "Jokic, Miodrag"]
[Black "Stanojevic, Branko"]
[Result "0-1"]
[WhiteElo "2148"]
[BlackElo "2275"]
[PlyCount "71"]
[EventDate "2008.11.08"]

1. d4 Nf6 2. c4 c5 3. d5 b5 4. a4 bxc4 5. Nc3 d6 6. e4 g6 7. f4 Bg7 8. Nf3 O-O
9. h3 Ba6 10. g4 e6 11. Kf2 exd5 12. exd5 Re8 13. Ra3 Nbd7 14. g5 Nh5 15. Be2
Rb8 16. Nh2 Bd4+ 17. Kg2 Ng7 18. Ng4 Nf5 19. h4 h5 20. gxh6 Nxh4+ 21. Kf1 Nf5
22. Kg2 Nf6 23. Bf3 Nxg4 24. Bxg4 Ne3+ 25. Bxe3 Rxe3 26. h7+ Kh8 27. Qd2 Qf6
28. Ne2 Rxa3 29. bxa3 c3 30. Qc2 Bxe2 31. Bxe2 Qxf4 32. Rf1 Qg5+ 33. Kh3 f5 34.
Qd3 Re8 35. Qb5 Re4 36. Qe8+ 0-1

[Event "Seniorsko prvenstvo Centralne "]
[Site "Vrnjacka Banja"]
[Date "2008.11.11"]
[Round "5.17"]
[White "Jelisavcic, Srdjan"]
[Black "Tasic, Vladimir"]
[Result "0-1"]
[WhiteElo "2117"]
[BlackElo "2241"]
[PlyCount "118"]
[EventDate "2008.11.08"]

1. e4 d6 2. d4 Nf6 3. Nc3 g6 4. f3 c6 5. Be3 b5 6. Qd2 Bg7 7. Bh6 O-O 8. Bxg7
Kxg7 9. O-O-O a5 10. g4 a4 11. Nb1 Qa5 12. Qxa5 Rxa5 13. a3 c5 14. d5 b4 15. h4
h5 16. g5 Ne8 17. c3 bxa3 18. Nxa3 f5 19. exf5 Bxf5 20. Bd3 Nc7 21. Bxf5 Rxf5
22. c4 Nd7 23. Rd3 Ne5 24. Rc3 Kf7 25. Ne2 e6 26. dxe6+ Nxe6 27. Rd1 Ra6 28.
Ng3 Rxf3 29. Rxf3+ Nxf3 30. Nb5 Ned4 31. Ne4 Ke7 32. Nf6 Nxb5 33. cxb5 Ra5 34.
b6 Rb5 35. Rf1 Ne5 36. Nd5+ Kd7 37. Kc2 c4 38. Nc3 Rxb6 39. Nxa4 Rb3 40. Nc3
Nd3 41. Rf7+ Kc6 42. Rf6 Rxb2+ 43. Kd1 Rh2 44. Rxg6 Rxh4 45. Rh6 Nf2+ 46. Kd2
Ng4 47. Rh8 Ne5 48. Re8 Kd7 49. Rh8 Nf3+ 50. Ke3 Nxg5 51. Nd5 Re4+ 52. Kf2 Kc6
53. Ne3 h4 54. Rh5 Rf4+ 55. Ke2 Ne4 56. Rh8 Ng3+ 57. Ke1 Nf5 58. Rc8+ Kd7 59.
Rxc4 Nxe3 0-1

[Event "Seniorsko prvenstvo Centralne "]
[Site "Vrnjacka Banja"]
[Date "2008.11.11"]
[Round "5.18"]
[White "Gagic, Miroljub"]
[Black "Misic, Dragan"]
[Result "0-1"]
[WhiteElo "1851"]
[BlackElo "2229"]
[PlyCount "80"]
[EventDate "2008.11.08"]

1. e4 c5 2. Ne2 Nc6 3. d4 cxd4 4. Nxd4 Nf6 5. Nc3 d6 6. Be2 e5 7. Nb3 Be6 8.
O-O d5 9. exd5 Nxd5 10. Ne4 Be7 11. Nbc5 Bxc5 12. Nxc5 Qe7 13. Nxe6 Qxe6 14. f4
Nxf4 15. Bxf4 exf4 16. Kh1 Qe5 17. Bf3 O-O 18. Bxc6 bxc6 19. c3 Rab8 20. Qc2
Rfe8 21. h3 Qe2 22. Qxe2 Rxe2 23. b3 g5 24. Rfd1 Rc2 25. Rdc1 Rd2 26. c4 Re8
27. Rd1 Ree2 28. Rxd2 Rxd2 29. a3 Kg7 30. b4 Kf6 31. b5 cxb5 32. cxb5 Rb2 33.
a4 h5 34. Kg1 g4 35. hxg4 hxg4 36. Kf1 g3 37. Rc1 Rf2+ 38. Ke1 Rxg2 39. Rc7 Ra2
40. Rxa7 g2 0-1

[Event "Seniorsko prvenstvo Centralne "]
[Site "Vrnjacka Banja"]
[Date "2008.11.11"]
[Round "5.19"]
[White "Lazic, Zeljko"]
[Black "Pavicevic, Jovan"]
[Result "1-0"]
[WhiteElo "2207"]
[BlackElo "2093"]
[PlyCount "79"]
[EventDate "2008.11.08"]

1. e4 e5 2. Nf3 Nc6 3. d4 exd4 4. Bc4 d6 5. Nxd4 Nxd4 6. Qxd4 Qf6 7. Qd3 Bd7 8.
Nc3 c6 9. a4 Be6 10. Be3 Bxc4 11. Qxc4 Ne7 12. Qb3 b6 13. Qc4 Qe6 14. Qa6 Qc8
15. Qd3 Ng6 16. Ne2 Be7 17. Bd4 Ne5 18. Qg3 O-O 19. O-O Ng6 20. Nf4 Qd8 21. Nh5
f6 22. f4 Rf7 23. Rad1 Qe8 24. f5 Ne5 25. Nf4 c5 26. Bxe5 fxe5 27. Nd5 Qxa4 28.
f6 Bf8 29. fxg7 Rxf1+ 30. Rxf1 Bxg7 31. Ne7+ Kh8 32. Nf5 Qd7 33. Rd1 Bf8 34.
Qxe5+ dxe5 35. Rxd7 c4 36. g4 a5 37. h4 a4 38. c3 Kg8 39. g5 b5 40. Rc7 1-0

[Event "Seniorsko prvenstvo Centralne "]
[Site "Vrnjacka Banja"]
[Date "2008.11.11"]
[Round "5.20"]
[White "Karaklajic, Milutin"]
[Black "Dolovic, Dusko"]
[Result "1-0"]
[WhiteElo "2108"]
[BlackElo "2199"]
[PlyCount "109"]
[EventDate "2008.11.08"]

1. e4 c5 2. Nf3 e6 3. d4 cxd4 4. Nxd4 Nf6 5. Bd3 Nc6 6. Nxc6 dxc6 7. O-O e5 8.
h3 Bc5 9. Qe2 O-O 10. Nc3 b5 11. Be3 Bd4 12. Nd1 Be6 13. c3 Bb6 14. b3 Qd7 15.
Bxb6 axb6 16. Ne3 g6 17. Rad1 Qe7 18. Ng4 Nxg4 19. hxg4 Kg7 20. Rd2 Qg5 21. f3
Rh8 22. Re1 h5 23. gxh5 Rxh5 24. Qe3 Qh4 25. Kf1 Qg3 26. Qf2 Qf4 27. Red1 Rh2
28. Ke1 g5 29. Bf1 g4 30. Qg1 Qg3+ 31. Qf2 Qf4 32. Qg1 Qg3+ 33. Qf2 Qf4 34. Qg1
Qg3+ 35. Qf2 Qf4 36. Qg1 Rh6 37. Qf2 Rah8 38. Rd3 Rh2 39. Qd2 Qg3+ 40. Qf2 Qf4
41. Qd2 gxf3 42. Qxf4 exf4 43. R1d2 fxg2 44. Bxg2 Bg4 45. Rf2 Re8 46. Kf1 f3
47. Bxf3 Bxf3 48. Rxh2 Bxe4 49. Rg3+ Kf6 50. Rf2+ Ke6 51. Rg7 Re7 52. Rf4 Bg6
53. Rg8 Ra7 54. Re8+ Kd5 55. Rd4+ 1-0

[Event "Seniorsko prvenstvo Centralne "]
[Site "Vrnjacka Banja"]
[Date "2008.11.11"]
[Round "5.22"]
[White "Radosavljevic, Slobodan D"]
[Black "Vasic, Vladimir"]
[Result "1/2-1/2"]
[WhiteElo "2267"]
[BlackElo "2191"]
[PlyCount "96"]
[EventDate "2008.11.08"]

1. Nf3 d5 2. g3 c5 3. c4 Nf6 4. Bg2 Nc6 5. cxd5 Nxd5 6. Nc3 e5 7. Nxe5 Nxc3 8.
Nxc6 Nxd1 9. Nxd8 Nxf2 10. Nxf7 Nxh1 11. Nxh8 Nxg3 12. hxg3 Bd6 13. Kf2 Ke7 14.
d3 Be6 15. Ng6+ hxg6 16. Bxb7 Rb8 17. Be4 Be5 18. Rb1 a5 19. b3 a4 20. Bf4 Rf8
21. Ke3 Bd4+ 22. Kd2 axb3 23. axb3 Bf5 24. Be3 Rd8 25. Bg5+ Bf6 26. Bxf6+ gxf6
27. Bxf5 gxf5 28. Rc1 Kd6 29. Ke3 Rb8 30. Kf4 Rxb3 31. Kxf5 Rb2 32. Kxf6 Rxe2
33. g4 Rf2+ 34. Kg6 Rd2 35. Rc3 Kd5 36. Kf6 Kd4 37. Rc4+ Kd5 38. g5 Rxd3 39.
Rg4 Rf3+ 40. Ke7 Re3+ 41. Kd7 Ra3 42. g6 Ra7+ 43. Ke8 Ke6 44. Kd8 Rg7 45. Rg1
c4 46. Re1+ Kf6 47. Rc1 Kxg6 48. Rxc4 Kf5 1/2-1/2

[Event "Seniorsko prvenstvo Centralne "]
[Site "Vrnjacka Banja"]
[Date "2008.11.11"]
[Round "5.24"]
[White "Misojcic, Miroslav"]
[Black "Sekularac, Andrej"]
[Result "1-0"]
[WhiteElo "2221"]
[BlackElo "2134"]
[PlyCount "66"]
[EventDate "2008.11.08"]

1. d4 Nf6 2. c4 d6 3. Nf3 Nbd7 4. Nc3 e5 5. e4 Be7 6. Be2 O-O 7. O-O c6 8. Re1
Qc7 9. Bf1 Re8 10. Rb1 Nf8 11. h3 Bd7 12. a3 Ng6 13. b4 h6 14. g3 Bf8 15. Bg2
Rac8 16. Bb2 Qb8 17. Rc1 Red8 18. Qb3 exd4 19. Nxd4 Ne5 20. Rcd1 c5 21. bxc5
Rxc5 22. Nd5 Ne8 23. Ne3 Qc8 24. Rc1 Bxh3 25. f4 Bxg2 26. Kxg2 Nc6 27. Ndf5 Qe6
28. Nd5 Rc8 29. Qd3 Qg6 30. Rh1 Nc7 31. Bxg7 Nxd5 32. cxd5 Nb4 33. Rxc5 Rxc5
1-0